Normal view
MARC view
- المجتمع العربي
Entry Topical Term
001 - CONTROL NUMBER
- control field: 37371
003 - CONTROL NUMBER IDENTIFIER
- control field: JO-AjAnu
005 - DATE AND TIME OF LATEST TRANSACTION
- control field: 20230606080231.0
008 - FIXED-LENGTH DATA ELEMENTS
- fixed length control field: 230606|| aca||aabn | a|a d
040 ## - CATALOGING SOURCE
- Original cataloging agency: JO-AjAnu
- Transcribing agency: JO-AjAnu
150 ## - HEADING--TOPICAL TERM
- Topical term or geographic name entry element: المجتمع العربي
670 ## - SOURCE DATA FOUND
- Source citation: Work cat.: (JO-AjAnu)19176: عبده، سمير, author 37370, تحديث الوطن العربي بين الميكانيكية العقلية والميكانيكية الخرافية= Modernization of Arab Homel and Between Rational Mechanism and Mythical Mechanism